Lanean...

Subaltern studies I : writings on south asian history and society /

Xehetasun bibliografikoak
Beste egile batzuk: Guha, Ranajit (Argitaratzailea)
Formatua: Printed Book
Hizkuntza:English
Argitaratua: Oxford : Oxford University Press, 1982.
Saila:Oxford India paperback
Gaiak:
LEADER 00659nam a22001697a 4500
008 130711b xxu||||| |||| 00| 0 eng d
999 |c 25927  |d 25927 
020 |a 9780195634433 
082 |a 954 SUB/GUH 
245 |a Subaltern studies I :  |b writings on south asian history and society /  |c edited by Ranajit Guha 
260 |a Oxford :  |b Oxford University Press,  |c 1982. 
300 |a 241p. 
440 |a Oxford India paperback 
650 |a History 
700 |a Guha, Ranajit  |e editor 
942 |2 ddc  |c BK 
952 |0 0  |1 0  |2 ddc  |4 0  |6 954_000000000000000_SUB_GUH  |7 0  |9 35497  |a MAIN  |b MAIN  |d 2019-02-22  |e Other Books  |g 395.00  |l 1  |o 954 SUB/GUH  |p 34142  |r 2020-11-11  |s 2020-07-03  |t 1  |w 2019-02-22  |y BK